000 00634nam a2200277Ia 4500
005 20260324150917.0
008 008 260324s9999 xx 000 0 eng d
020 _a9781032616131
037 _aEBOOK
040 _aCRL
040 _beng
040 _cCRL
041 _2eng
041 _aeng
084 _qCRL
100 _aDorothy Dymond
_91227140
245 2 _aA Handbook for History Teachers
260 _bTaylor and Francis
260 _c1929
365 _a
365 _b160
856 _uhttp://www.taylorfrancis.com/books/9781032616131
942 _cEBOOK
999 _c1838306
_d1838306